000 00861nam a2200229 a 4500
001 86055
003 BD-RjUL
005 20251224122335.0
008 251224r20232021bg ||||| |||| 00| f ben d
020 _c9789849520481
035 _a(BD-RjUL)86055
040 _aBD-RjUL
_bben
_cBD-RjUL
041 _aben
082 _223
_a891.443
_bBAA 2023
100 _aবন্দ্যোপাধ্যায়,বিভূতিভূষণ
_9126036
245 1 0 _aআদর্শ হিন্দু-হোটেল /
_cবিভূতিভূষণ বন্দ্যোপাধ্যায়
260 _aঢাকা :
_bসূর্যোদয় প্রকাশন,
_c২০২৩
300 _a১৭৪ পৃ. ;
_c২২ সেমি.
650 _aবাংলা উপন্যাস
_9126037
650 _aBengali Fiction
_9126038
942 _2ddc
_cBK
999 _c86055
_d86055